Countries with Gold Medals 2024 Paris Olympics - Statistics

General Stats
  • This quiz has been taken 101 times
  • The average score is 22 of 40
Answer Stats
Golds Country % Correct
14 United States
98%
16 China
95%
12 France
94%
10 Great Britain
93%
8 Japan
91%
4 Canada
86%
12 Australia
85%
9 Republic of Korea
84%
4 Germany
80%
6 Italy
78%
1 Spain
77%
6 Netherlands
76%
1 Brazil
73%
1 Sweden
73%
2 New Zealand
72%
1 Norway
68%
3 Ireland
67%
2 Belgium
66%
1 Argentina
64%
1 Switzerland
60%
3 Hungary
58%
3 Romania
52%
1 Ukraine
52%
1 Serbia
51%
1 South Africa
45%
2 Croatia
42%
1 Saint Lucia
42%
1 Slovenia
36%
1 Czech Republic
34%
1 Kazakhstan
34%
1 Philippines
30%
1 Uzbekistan
30%
2 Hong Kong
27%
1 Israel
25%
2 Azerbaijan
23%
1 Dominica
20%
1 Georgia
20%
1 Guatemala
17%
1 Ecuador
15%
1 Uganda
13%
No matching quizzes found
Score Distribution
Percent of People with Each Score
Percentile by Number Answered
Your Score History
You have not taken this quiz